The growing of sugar cane

Đã lưu trong:
Bibliografiske detaljer
Hovedforfatter: Roger P Humbert
Format: Bog
Sprog:Undetermined
Udgivet: Amsterdam Elsevier Publishing Company 1968
Fag:
Tags: Tilføj Tag
Ingen Tags, Vær først til at tagge denne postø!
Thư viện lưu trữ: Trung tâm Học liệu Trường Đại học Cần Thơ
LEADER 00505nam a2200181Ia 4500
001 CTU_38752
008 210402s9999 xx 000 0 und d
082 |a 633.61 
082 |b H919 
100 |a Roger P Humbert 
245 4 |a The growing of sugar cane 
245 0 |c Roger P Humbert 
260 |a Amsterdam 
260 |b Elsevier Publishing Company 
260 |c 1968 
650 |a sugar-cane,sugar-cane - planting 
904 |i Liên, 990906 
980 |a Trung tâm Học liệu Trường Đại học Cần Thơ